Fabula
| Subtitles: | Journal of folktale studies Revue des études sur le conte populaire Zeitschrift für Erzählforschung |
|---|---|
| Format: | Electronic Journal |
| Language: | German |
| Subito Delivery Service: | Order now. |
| Check availability: | HBZ Gateway |
| WorldCat: | WorldCat |
| Interlibrary Loan: | Für eine Fernleihe wählen Sie bitte zuerst einen Band oder Aufsatz aus. |
| Published: |
Berlin [u.a.]
De Gruyter
1958-
|
| In: | Year: 1958 |
| Volumes / Articles: | Show volumes/articles. |
| Standardized Subjects / Keyword chains: | B
Narration studies
/ Journal
/ Online resource
B Narration studies |
| Further subjects: | B
Online resource
B Journal |
| Online Access: |
Volltext (FID Nationallizenz) Volltext (Frontdoor-Url) Volltext (Langzeitarchivierung Nationalbibliothek; 65.2024-) Volltext (Resolving-System) Volltext (Publisher) Volltext (Verlag; 37.1996 - 54.2013,2) |
| Parallel Edition: | Non-electronic
|
MARC
| LEADER | 00000cas a2200000 c 4500 | ||
|---|---|---|---|
| 001 | 330070835 | ||
| 003 | DE-627 | ||
| 005 | 20251108172443.0 | ||
| 007 | cr ||||||||||| | ||
| 008 | 010607c19589999gw z| p|o 0 |0ger c | ||
| 016 | 7 | |a 02192256X |2 DE-101 | |
| 016 | 7 | |a 2049688-6 |2 DE-600 | |
| 022 | |a 1613-0464 | ||
| 022 | |y 1316-0464 | ||
| 024 | 7 | |a 10.1515/fabl |2 doi | |
| 035 | |a (DE-627)330070835 | ||
| 035 | |a (DE-576)094835764 | ||
| 035 | |a (DE-599)ZDB2049688-6 | ||
| 035 | |a (OCoLC)645325218 | ||
| 040 | |a DE-627 |b ger |c DE-627 |e rakwb | ||
| 041 | |a ger | ||
| 044 | |c XA-DE | ||
| 082 | 0 | 4 | |a 800 |a 390 |q DE-600 |
| 084 | |a 7,12 |2 ssgn | ||
| 084 | |a AVL |q DE-30 |2 fid | ||
| 084 | |a LA 1000 |q SEPA |2 rvk |0 (DE-625)rvk/90500: | ||
| 084 | |a EA 1000 |q SEPA |2 rvk |0 (DE-625)rvk/20364: | ||
| 084 | |a 73.00 |2 bkl | ||
| 084 | |a 17.84 |2 bkl | ||
| 210 | 1 | 0 | |a Fa |
| 210 | 1 | 0 | |a FB |
| 210 | 1 | 0 | |a Fab |
| 245 | 0 | 0 | |a Fabula |
| 246 | 1 | |i Nebent. |a Zeitschrift für Erzählforschung | |
| 246 | 1 | |i Nebent. |a Journal of folktale studies | |
| 246 | 1 | |i Nebent. |a Revue des études sur le conte populaire | |
| 264 | 3 | 1 | |a Berlin [u.a.] |b De Gruyter |c 1958- |
| 300 | |a Online-Ressource | ||
| 336 | |a Text |b txt |2 rdacontent | ||
| 337 | |a Computermedien |b c |2 rdamedia | ||
| 338 | |a Online-Ressource |b cr |2 rdacarrier | ||
| 362 | 0 | |a 1.1958(1957/58) - | |
| 363 | 0 | 1 | |a 1 |i 1958 |
| 500 | |a Gesehen am 20.05.25 | ||
| 655 | 7 | |a Online-Ressource |0 (DE-588)4511937-5 |0 (DE-627)248012134 |0 (DE-576)213199033 |2 gnd-content | |
| 655 | 7 | |a Zeitschrift |0 (DE-588)4067488-5 |0 (DE-627)10454466X |0 (DE-576)20917000X |2 gnd-content | |
| 689 | 0 | 0 | |d s |0 (DE-588)4152968-6 |0 (DE-627)105534374 |0 (DE-576)209799722 |2 gnd |a Erzählforschung |
| 689 | 0 | 1 | |d s |0 (DE-588)4067488-5 |0 (DE-627)10454466X |0 (DE-576)20917000X |2 gnd |a Zeitschrift |
| 689 | 0 | 2 | |d s |0 (DE-588)4511937-5 |0 (DE-627)248012134 |0 (DE-576)213199033 |2 gnd |a Online-Ressource |
| 689 | 0 | |5 DE-101 | |
| 689 | 1 | 0 | |d s |0 (DE-588)4152968-6 |0 (DE-627)105534374 |0 (DE-576)209799722 |2 gnd |a Erzählforschung |
| 689 | 1 | |5 DE-101 | |
| 776 | 1 | |x 0014-6242 | |
| 776 | 0 | 8 | |i Erscheint auch als |n Druck-Ausgabe |t Fabula |d Berlin : De Gruyter, 1957 |w (DE-627)129070998 |w (DE-600)1977-X |w (DE-576)014402955 |x 0014-6242 |k Non-Electronic |
| 856 | 4 | 0 | |u https://doi.org/10.1515/fabl |x Resolving-System |7 1 |
| 856 | 4 | 0 | |u https://ezb.ur.de/?2049688-6 |x Frontdoor-Url |7 1 |
| 856 | 4 | 0 | |u https://www.degruyterbrill.com/journal/key/fabl/html |x Verlag |7 1 |
| 856 | 4 | 0 | |u https://search.proquest.com/publication/44908 |x Verlag; 37.1996 - 54.2013,2 |7 1 |
| 856 | 4 | 0 | |u http://gateway.proquest.com/openurl?url_ver=Z39.88-2004&res_dat=xri:pqm&rft_val_fmt=info:ofi/fmt:kev:mtx:journal&genre=journal&req_dat=xri:pqil:&svc_dat=xri:pqil:context=title&rft_dat=xri:pqd:PMID=1818081 |x Verlag; 1957 - 1995 |z Deutschlandweit zugänglich |7 1 |
| 856 | 4 | 0 | |u https://digital.zlb.de/viewer/metadata/02192256X/ |x Langzeitarchivierung Nationalbibliothek; 65.2024- |7 1 |
| 912 | |a ZDB-1-PAO | ||
| 912 | |a ZDB-1-DGR | ||
| 912 | |a ZDB-1-DHSA | ||
| 912 | |a ZDB-44-LIO | ||
| 936 | r | v | |a LA 1000 |b Zeitschriften |k Sozial- und Kulturanthropologie. Empirische Kulturwissenschaft |k Zeitschriften |0 (DE-627)1398807265 |0 (DE-625)rvk/90500: |0 (DE-576)328807265 |
| 936 | r | v | |a EA 1000 |b Zeitschriften |k Allgemeine und vergleichende Sprach- und Literaturwissenschaft. Indogermanistik. Außereuropäische Sprachen und Literaturen |k Allgemeine und vergleichende Literaturwissenschaft. |k Zeitschriften |0 (DE-627)139838836X |0 (DE-625)rvk/20364: |0 (DE-576)32838836X |
| 936 | b | k | |a 73.00 |j Ethnologie: Allgemeines |0 (DE-627)10642016X |
| 936 | b | k | |a 17.84 |j Sonstige literarische Gattungen |0 (DE-627)181571692 |
| 938 | 1 | 0 | |0 (DE-627)1756196389 |0 (DE-615)6602146 |a Zeitschrift |2 fivt |
| 951 | |a JT | ||
| ACO | |a 1 | ||
| ELC | |a 1 | ||
| ITA | |a 1 |t 1 | ||
| LOK | |0 000 xxxxxcy a22 3n 4500 | ||
| LOK | |0 001 2806014956 | ||
| LOK | |0 003 DE-627 | ||
| LOK | |0 004 330070835 | ||
| LOK | |0 005 20250526225522 | ||
| LOK | |0 007 ccruuuuuuuuuuuu | ||
| LOK | |0 008 140705||||||||||||||||ger||||||| | ||
| LOK | |0 035 |a (DE-600)294088555 | ||
| LOK | |0 040 |a DE-21 |c DE-627 |d DE-21 | ||
| LOK | |0 092 |o k | ||
| LOK | |0 093 |e Volltext online u. Druckausg. |f Nationallizenz |g Kostenpflichtig | ||
| LOK | |0 852 |z Verwendung von "Ariel Interlibrary Loan Software" ist erlaubt; Versand an E-Mailadressen ist nicht gestattet | ||
| LOK | |0 852 |a DE-21 | ||
| LOK | |0 852 1 |9 00 | ||
| LOK | |0 85640 |u https://ezb.ur.de/detail.phtml?bibid=UBTUE&jour_id=15317 |x EZB | ||
| LOK | |0 85901 |8 1.1 |a 1 |i 1958 | ||
| LOK | |0 859 |y -001Y | ||
| LOK | |0 866 |x Nationallizenz | ||
| LOK | |0 86630 |a 1.1958 - | ||
| LOK | |0 866 0 |z Die letzten 1 Jahrgänge sind nicht zugänglich | ||
| LOK | |0 912 |a natli_degruyter_archive | ||
| LOK | |0 935 |a cofz |a zezb | ||
| LOK | |0 938 |l Volltext online u. Druckausg. |8 0 | ||
| LOK | |0 938 |l Nationallizenz |8 1 | ||
| LOK | |0 938 |l Kostenpflichtig |8 2 | ||
| LOK | |0 939 |a 30-10-18 |b zez | ||
| LOK | |0 000 xxxxxcy a22 3n 4500 | ||
| LOK | |0 001 2806174880 | ||
| LOK | |0 003 DE-627 | ||
| LOK | |0 004 330070835 | ||
| LOK | |0 005 20251211085711 | ||
| LOK | |0 007 ccruuuuuuuuuuuu | ||
| LOK | |0 008 140705||||||||||||||||ger||||||| | ||
| LOK | |0 035 |a (DE-600)29424770X | ||
| LOK | |0 040 |a DE-21 |c DE-627 |d DE-21 | ||
| LOK | |0 092 |o k |p n |p p | ||
| LOK | |0 093 |e lokale Zeitschrift |f Nationallizenz |g Kostenpflichtig | ||
| LOK | |0 852 |a DE-21 | ||
| LOK | |0 852 1 |9 00 | ||
| LOK | |0 85640 |u https://ezb.ur.de/detail.phtml?bibid=UBTUE&jour_id=64695 |x EZB | ||
| LOK | |0 85900 |8 1.1 |a 1 |i 1957 | ||
| LOK | |0 85910 |8 1.2 |a 36 |i 1995 | ||
| LOK | |0 866 |x Nationallizenz | ||
| LOK | |0 86630 |a 1.1957 - 36.1995 | ||
| LOK | |0 912 |a natli_pao | ||
| LOK | |0 935 |a cofz |a zezb | ||
| LOK | |0 938 |l lokale Zeitschrift |8 0 | ||
| LOK | |0 938 |l Nationallizenz |8 1 | ||
| LOK | |0 938 |l Kostenpflichtig |8 2 | ||
| LOK | |0 939 |a 30-10-18 |b zez | ||
| LOK | |0 000 xxxxxcy a22 3n 4500 | ||
| LOK | |0 001 4367979784 | ||
| LOK | |0 003 DE-627 | ||
| LOK | |0 004 330070835 | ||
| LOK | |0 005 20240507181931 | ||
| LOK | |0 007 ccruuuuuuuuuuuu | ||
| LOK | |0 008 230817||||||||||||||||ger||||||| | ||
| LOK | |0 035 |a (DE-600)1011798018 | ||
| LOK | |0 040 |a DE-21 |c DE-627 |d DE-21 | ||
| LOK | |0 092 |o n | ||
| LOK | |0 093 |e lokale Zeitschrift |f Einzellizenz |g Kostenpflichtig | ||
| LOK | |0 852 |a DE-21 | ||
| LOK | |0 852 1 |9 00 | ||
| LOK | |0 85640 |u https://ezb.ur.de/detail.phtml?bibid=UBTUE&jour_id=462207 |x EZB | ||
| LOK | |0 85901 |8 1.1 |i 2003 | ||
| LOK | |0 859 |y -012M | ||
| LOK | |0 866 |x MLA International Bibliography with Full Text: 2003-03-01 - | ||
| LOK | |0 86630 |a 2003 - | ||
| LOK | |0 866 0 |z Die letzten 12 Monate sind nicht zugänglich | ||
| LOK | |0 935 |a cofz |a zezb | ||
| LOK | |0 938 |l lokale Zeitschrift |8 0 | ||
| LOK | |0 938 |l Einzellizenz |8 1 | ||
| LOK | |0 938 |l Kostenpflichtig |8 2 | ||
| LOK | |0 939 |a 17-08-23 |b zez | ||
| LOK | |0 000 xxxxxcy a22 3n 4500 | ||
| LOK | |0 001 4850055176 | ||
| LOK | |0 003 DE-627 | ||
| LOK | |0 004 330070835 | ||
| LOK | |0 005 20260122070732 | ||
| LOK | |0 007 ccruuuuuuuuuuuu | ||
| LOK | |0 008 260115||||||||||||||||ger||||||| | ||
| LOK | |0 035 |a (DE-600)1261041526 | ||
| LOK | |0 040 |a DE-21 |c DE-627 |d DE-21 | ||
| LOK | |0 092 |o k |p n | ||
| LOK | |0 093 |e Volltext online u. Druckausg. |f Konsortiallizenz |g Kostenpflichtig | ||
| LOK | |0 852 |z Zulässig ist im Rahmen der Fernleihe bei elektronischer Übertragung zwischen den Bibliotheken nur der Ausdruck auf Papier. Dem Lizenznehmer ist es nicht erlaubt, sich kommerziell an entgeltlichen Dokumentenlieferdiensten zu beteiligen. | ||
| LOK | |0 852 |a DE-21 | ||
| LOK | |0 852 1 |9 00 | ||
| LOK | |0 85640 |u https://ezb.ur.de/detail.phtml?bibid=UBTUE&jour_id=15317 |x EZB | ||
| LOK | |0 85901 |8 1.1 |a 1 |i 1958 | ||
| LOK | |0 866 |x Nationalkonsortium | ||
| LOK | |0 86630 |a 1.1958 - | ||
| LOK | |0 912 |a natli_degruyter_hss | ||
| LOK | |0 935 |a cofz |a zezb | ||
| LOK | |0 938 |l Volltext online u. Druckausg. |8 0 | ||
| LOK | |0 938 |l Konsortiallizenz |8 1 | ||
| LOK | |0 938 |l Kostenpflichtig |8 2 | ||
| LOK | |0 939 |a 14-01-26 |b zez | ||
| LOK | |0 000 xxxxxcx a22 zn 4500 | ||
| LOK | |0 001 3057998321 | ||
| LOK | |0 003 DE-627 | ||
| LOK | |0 004 330070835 | ||
| LOK | |0 005 20240802150152 | ||
| LOK | |0 008 240802||||||||||||||||ger||||||| | ||
| LOK | |0 035 |a (DE-Tue135-1)Z999 | ||
| LOK | |0 040 |a DE-Tue135-1 |c DE-627 |d DE-Tue135-1 | ||
| LOK | |0 852 |a DE-Tue135-1 | ||
| LOK | |0 852 1 |m p |9 00 | ||
| LOK | |0 852 2 |b ULB Hauptbibliothek Freihand Kompaktanlage Zeitschriften 699/LA 2800 |9 00 | ||
| LOK | |0 85640 |u https://bibsearch.uibk.ac.at/AC00524237 | ||
| LOK | |0 866 |a "1984 : teilweise" | ||
| LOK | |0 938 |k p | ||
| LOK | |0 939 |a 11-03-19 |b l12 | ||
| ORI | |a SA-MARC-ixtheob001.raw | ||
| REL | |a 1 | ||
| SPR | |a 1 |t IXT | ||
| STA | 0 | 0 | |a Journal,Yearbooks,Narration studies,Online resource |
| STB | 0 | 0 | |a Narratologie,Recherche sur la narration,Recherche sur la narration,Ressources en ligne,Revue,Périodique,Périodique,Annuaires |
| STC | 0 | 0 | |a Investigación narratológica,Recurso en línea,Revista |
| STD | 0 | 0 | |a Analisi narratologica,Risorsa online,Rivista,Periodico,Periodico |
| STE | 0 | 0 | |a 期刊,杂志 |
| STF | 0 | 0 | |a 期刊,雜誌 |
| STG | 0 | 0 | |a Pesquisa narratológica,Recurso online,Revista |
| STH | 0 | 0 | |a Журнал,Исследование рассказов,Онлайн-ресурс |
| STI | 0 | 0 | |a Αφηγηματική έρευνα,Αφηγηματική ανάλυση,Διαδικτυακός πόρος,Online πόρος,Περιοδικό |
| SUB | |a REL | ||
| SYG | 0 | 0 | |a Narrativik,Erzähltheorie,Narratologie,Narrativik , Periodikum,Zeitschriften , Netzpublikation,Online-Publikation,Computerdatei im Fernzugriff,Online-Dokument,On-line-Dokument,On-line-Publikation , Narrativik,Erzähltheorie,Narratologie,Narrativik |